00315nam a2200109Ia 4500008004100000040001200041082001400053100002200067245005800089260005000147300000800197200103s9999||||xx |||||||||||||| ||und|| aIMU-MPC aColumn-50 aRobberson, Elbert 0aHow to install and repair Marine Electronic Equipment bJohn F. Rider Publisher, Inc., New Yorkc1963 a206